| 000 | 00751nam a2200217Ii 4500 | ||
|---|---|---|---|
| 003 | JO-AjNU | ||
| 008 | 230605s9999||||xx |||||||||||||| ||und|| | ||
| 017 | _a75/4328 | ||
| 040 |
_aJO-AjNU _bara _erda _cJO-AjNU |
||
| 041 | _aara | ||
| 050 | 1 | 4 | _aLB2805.S3 1979 |
| 100 | 3 |
_aسمعان،وهيب مؤلف/مرسي،محمد منير م.مشارك, _eauthor _917717 |
|
| 245 | 0 | 0 | _aالإدارة المدرسية الحديثة |
| 250 | _aط2 | ||
| 264 | 3 | 1 | _aالقاهرة:عالم الكتب،1979 |
| 300 | _a285ص | ||
| 336 |
_atext _btxt _2rdacontent |
||
| 337 |
_aunmediated _bn _2rdamedia |
||
| 338 |
_avolume _bnc _2rdacarrier |
||
| 650 | 4 |
_aالمدارس-إدارة. الإدارة التعليمية-التخطيط التربوي _917718 |
|
| 999 |
_aA5533 _c9101 _d9101 |
||